Dairy Microbiology. Volume 1 : The Microbiology of Milk /
Enregistré dans:
| Auteur principal: | |
|---|---|
| Format: | Livre |
| Langue: | anglais |
| Publié: |
London :
Elsevier Applied Science,
1990
|
| Édition: | 2. Edition |
| Tags: |
Pas de tags, Soyez le premier à ajouter un tag!
|
MARC
| LEADER | 00000nam a22000003a 4500 | ||
|---|---|---|---|
| 001 | stu18298 | ||
| 005 | 20190206123003.5 | ||
| 008 | 920302s1990----uk------------------eng-d | ||
| 020 | |a 1-85166-391-6 | ||
| 040 | |a STU |b slo | ||
| 041 | 0 | |a eng | |
| 044 | |a uk | ||
| 080 | |a 637.1:576.8 | ||
| 080 | |a 576.8:637.1 | ||
| 100 | 1 | |a Robinson, R.K |4 aut | |
| 245 | 1 | |a Dairy Microbiology. Volume 1 : |b The Microbiology of Milk / |c [aut.]Robinson,R.K | |
| 250 | |a 2. Edition | ||
| 260 | |a London : |b Elsevier Applied Science, |c 1990 | ||
| 300 | |a 301 s : |b Obr.,tab.,grafy,lit.,index | ||
| 996 | |b C88976 |c C*88976 |l CCXIX |s P |a 0 |w stu18298_0001 | ||